000
00306nam a22001337a 4500
008
170828b xxu||||| |||| 00| 0 eng d
020
_a
0023731204
041
_a
eng
080
_2
8 ED
_a
070
100
_a
39
101
_a
MED
245
_a
INTERPRETATIVE REPORTING
_c
MACDOUGALL.C.D
942
_2
udc
_c
BK
999
_c
25175
_d
25175